Index de l'ouvrage du prince Omar Toussoun : la géographie de l'Egypte à l'époque arabe /
المؤلف الرئيسي:
التنسيق: كتاب
اللغة: French
منشور في:
Le Caire :
Institut français d'archéologie orientale,
c1992.
سلاسل:
Supplément aux Annales islamologiques cahier ;
26.
الموضوعات:
الوسوم: إضافة وسم
رقم الطلب: DT51 .U6 v.4
| LEADER | 00871nam a2200229Ia 4500 | ||
|---|---|---|---|
| 003 | OSt | ||
| 005 | 20260429075427.0 | ||
| 008 | 211223s1992 ua i 001 0 fre d | ||
| 040 | |c ARCE Library | ||
| 050 | 4 | |a DT51 .U6 v.4 | |
| 100 | 1 | |a Volkoff, Oleg V., |e author | |
| 245 | 1 | 0 | |a Index de l'ouvrage du prince Omar Toussoun : |b la géographie de l'Egypte à l'époque arabe / |c Oleg V. Volkoff. |
| 264 | 1 | |a Le Caire : |b Institut français d'archéologie orientale, |c c1992. | |
| 300 | |a xi, 100 p. ; |b 27 cm. | ||
| 490 | 0 | |a Supplément aux Annales islamologiques cahier ; |v 26. | |
| 500 | |a Cover title. | ||
| 600 | 1 | 0 | |a Ṭūsūn, ʻUmar, |c Prince, |d 1872-1944. |t Géographie de l'Egypte à l'époque arabe |x Indexes. |
| 650 | 0 | |a Historical geography. | |
| 740 | 2 | 1 | |a La géographie de l'Egypte à l'époque arabe. |
| 901 | |a reviewed | ||
| 942 | |2 lcc |c BK | ||
| 999 | |c 41350 |d 41350 | ||
